000 00492nam a2200181Ia 4500
001 2585
005 20260306144818.0
008 260306t2016||||xx |||||||||||||| ||spa||
041 _aESP
082 _a616.89156
_bB25
100 _aBarraca Mairal, Jorge
_eAUT
245 0 _aTerapia integral de pareja:
_buna intervención para superar las diferencias irreconciliables
260 _c2016
300 _a148 pƔginas :
_c21 cm.
650 _aGEN
654 _aCPS
942 _cLIB
_dJUS
_fJUS
_2ddc
_n
999 _c2585
_d2585